000
00310 a2200121 4500
000
nam a22 7a 4500
005
20260410100618.0
020
_a
9781394196869
100
_a
Rogayeh Tabrizi
_9
1234584
245
_a
Behavioral AI: Unleash Decision Making with Data
260
_b
Wiley
_c
2025
942
_c
TEXL
999
_c
1848188
_d
1848188